| 000 | 00714nam a2200181Ia 4500 | ||
|---|---|---|---|
| 008 | 090123s9999 xx 000 0 und d | ||
| 082 | _b19171 | ||
| 100 | _aगाडगीळ अमरेंद्र लक्ष्मण | ||
| 245 | _aमोडली मांडली क्षेत्रे | ||
| 250 | _a1 | ||
| 260 |
_bसन प्रकाशन _c1991 |
||
| 300 | _a192 | ||
| 600 | _aगाडगीळ अमरेंद्र लक्ष्मण | ||
| 630 | _aमोडली मांडली क्षेत्रे | ||
| 700 | _aगाडगीळ अमरेंद्र लक्ष्मण | ||
| 730 | _aमोडली मांडली क्षेत्रे | ||
| 942 | _cBOOK | ||
| 999 |
_c57236 _d57236 |
||